000 00553nam a2200205Ia 4500
001 248
005 20251205092221.0
008 251203t2014||||xx |||||||||||||| ||spa||
041 _aESP
082 _a868.5
_bB34
100 _aBécquer, Gustavo Adolfo,
_cAUT
245 0 _aRímas y leyendas
250 _aDecimocuarta reimpresión
260 _aBogotá D. C.,
_bPanamericana Editorial,
_c2014
300 _axix, 358 páginas :
_b
_c 21 cm.
650 _aLYR
653 _aLiteratura española - Siglo XIX
654 _aCTP
942 _cLIB
_dJUS
_fMAT
_2ddc
999 _c248
_d248